000 00189nam a2200085Ia 4500
008 170620s9999 xx 000 0 und d
100 _aSCC
245 0 _aSUPREME COURT CASES
260 _bLUCKNOW; EASTERN
260 _c2010
999 _c29544
_d29544